| 000 | 00374 a2200157 4500 | ||
|---|---|---|---|
| 001 | 59152 | ||
| 020 | _a9788536307022 | ||
| 040 | _cAnchieta - Pituba | ||
| 100 | _aMilani, Estela | ||
| 240 | 1 | 0 |
_aJogos de matemática de 6º a 9º ano _lpor |
| 245 | 1 | 0 | _aJogos de matemática de 6º a 9º ano |
| 300 | _a104 | ||
| 362 | 0 | _a2007 | |
| 650 | 4 | _aTeoria dos jogos | |
| 942 | _cBK | ||
| 999 |
_c59152 _d59152 |
||